00790nam a22002295a 450000500170000000800410001702000180005802000150007604000280009108200190011910000300013824500460016826000390021430000340025365000300028765000350031765100100035265300340036294200080039699900170040495201390042120201128021355.0150628t2006 nyua fr 000 0 eng d a9780077171230 a0077171233 aEG-ScBUEbengcEG-ScBUE04222bSUGa659.11 aSugars, J. Bradley93853010aInstant advertising /cBradely J. Sugars. aNew York : bMcGraw-Hill,cc.2006. axii, 271 p. :bill. ;c24 cm. 72BUEsh95632aAdvertising. 792128aAdvertising copy.2BUEsh 2BUEsh bBUSADMcJune2015cOctober2015 2ddc c20014d19986 00102ddc40708AlahramaMAINbMAINc1STd2015-06-28ePurchaseg165.00h330l0o659.1 SUGp000039060r2025-07-15 00:00:00v206.25yBB